| 000 | 01349cam a2200349 a 4500 | ||
|---|---|---|---|
| 001 | 710718 | ||
| 003 | Nust- CAS-E | ||
| 005 | 20180118181358.0 | ||
| 008 | 970923s1998 enka bi 001 0 eng | ||
| 010 | _a 97042008 | ||
| 020 | _a0471971448 | ||
| 035 | _a(DLC) 97042008 | ||
| 040 |
_aDLC _cDLC _dDLC |
||
| 041 | 1 |
_aeng _hger |
|
| 050 | 0 | 0 |
_aTK2960 _b.G64 1998 |
| 082 | 0 | 0 |
_a621.31244 _221 _bGEO 1998 |
| 100 | 1 |
_aGoetzberger, A. _q(Adolf) |
|
| 240 | 1 | 0 |
_aSonnenenergie. _lEnglish |
| 245 | 1 | 0 |
_aCrystalline silicon solar cells / _cAdolf Goetzberger, Joachim Knobloch, Bernhard Voss ; translated by Rachel Waddington. |
| 260 |
_aChichester : _aNew York : _bWiley, _cc1998. |
||
| 300 |
_axvi, 237 p. : _bill. ; _c24 cm. |
||
| 504 | _aIncludes bibliographical references and index. | ||
| 650 | 0 | _aSilicon solar cells. | |
| 650 | 0 | _aPhotovoltaic power generation. | |
| 700 | 1 |
_aKnobloch, Joachim, _d1934- |
|
| 700 | 1 |
_aVoss, Bernhard, _d1926- |
|
| 856 | 4 | 2 |
_3Publisher description _uhttp://www.loc.gov/catdir/description/wiley031/97042008.html |
| 856 | 4 | 1 |
_3Table of contents _uhttp://www.loc.gov/catdir/toc/wiley022/97042008.html |
| 906 |
_a7 _bcbc _corignew _d1 _eocip _f19 _gy-gencatlg |
||
| 942 |
_2ddc _cBK |
||
| 999 |
_c355346 _d355346 |
||